Guess the european capital by picture - Statistics

General Stats
  • This quiz has been taken 75 times
  • The average score is 13 of 16
Answer Stats
Picture Answer % Correct
Amsterdam
100%
Prague
98%
Vienna
92%
Copenhagen
88%
Oslo
88%
Monaco
86%
Sofia
86%
Reykjavik
84%
Helsinki
82%
Bratislava
78%
Vaduz
78%
Tallinn
76%
Belgrade
73%
Andorra la vella
69%
Chisinau
65%
Skopje
63%
No matching quizzes found
Score Distribution
Percent of People with Each Score
Percentile by Number Answered
Your Score History
You have not taken this quiz